| 000 | 00698nam a2200217Ia 4500 | ||
|---|---|---|---|
| 003 | OSt | ||
| 005 | 20260122193250.0 | ||
| 007 | ca aa aaaaa | ||
| 008 | 201103s9999 xx 000 0 und d | ||
| 040 | _cSSBUL | ||
| 041 | _abur | ||
| 082 |
_a၃၉၈.၉၉၅၈ _bမြန် |
||
| 245 | 0 | _aမြန်မာစကားပုံ။ | |
| 250 | _aတတိယအကြိမ်။ | ||
| 260 |
_aရန်ကုန် ၊ _bမြန်မာစာအဖွဲ့ဦးစီးဌာန၊ _c၁၉၉၆။ |
||
| 300 |
_a၃၇၃ စာမျက်နှာ ၊ _c၂၀ စင်တီ။ |
||
| 500 | _aS-SAT: Dr. Prof Sai Aung Tun | ||
| 942 | _cBK1 | ||
| 942 | _2ddc | ||
| 942 | _2ddc | ||
| 999 |
_c16698 _d16698 |
||